LEADER 00883nam a2200241 i 4500 001 000000167330 003 CaOOAMICUS 005 20071129000000.0 008 071129s1955 it u000 u ita u 013 $a144703 040 $aSeMil$bita 100 1 $aPasolini, Pier Paolo,$d<1922-1975>.$0(OLS)http://semarc/name/6365 245 10$aRagazzi di vita :$bromanzo /$cPier Paolo Pasolini. 250 $a3. Ed. 260 $a[Milano] :$bGarzanti,$c1955. 300 $a285 p. ;$c20 cm. 490 0 $aRomanzi moderni Garzanti 830 0$aRomanzi moderni Garzanti.$0(OLS)http://semarc/title/24810 850 $aSeMil 852 $aSeMil$W1$xVenegono$y1$m1B III 312$j246485$B118482$CSeMilBibl$Z2$F129354 $81 961 $aRecupero: Altro 996 $6245$aRagazzi di vita :$bromanzo$9(OLS)http://semarc/title/239343 996 $6260$a[Milano] :$bGarzanti$9(OLS)http://semarc/publisher/31829 LEADER 00628nam a2200181 i 4500 001 000000170713 003 CaOOAMICUS 005 20221114123813.0 008 080407s1933 it u000 u ita u 040 $aSeMil$bita 245 10$aVol. 1. 250 $a2. ed. 300 $aXXI, 259 p. 773 0 $aCervantes Saavedra, Miguel : de <1547-1616>$tDon Chisciotte della Mancia.$dFirenze : Sansoni, 1925-1933.$kBiblioteca sansoniana straniera$w()19400 850 $aSeMil 852 $aSeMil$W1$xVenegono$y1$m1W I 29$j121596$B121596$CSeMilBibl$Z2$F132939 $81 996 $6245$aVol. 1$9(OLS)http://semarc/title/13429